Responses for Show #3345 - Friday, March 5, 1999

1999-A Teen Tournament final game 2.

Contestants

[<< previous game]

Melissa Sexstone, a senior from East Syracuse, New York (subtotal of $8,600)

Trish Ranney, a senior from San Jose, California (subtotal of $11,000)

Elizabeth Nyman, a sophomore from Jacksonville, Florida (subtotal of $7,000)

[next game >>]

Jeopardy! Round responses

WAY BACK IN 1995
TV THE KIDS LOVE
POLITICIANS
LAKES & RIVERS
THE SECOND
COMMON BONDS
    $100 1
an earthquake

Melissa
    $100 6
Felicity

Elizabeth
    $100 26
New York

Melissa
    $100 16
Lake Ontario

Melissa
    $100 11
Niagara Falls

Melissa
    $100 21
things that are spun

Trish
    $200 2
the baseball strike

Trish
    $200 7
Dawson's Creek

Trish
    $200 27
Henry Hyde

Melissa
    $200 17
Nile

Elizabeth
    $200 12
(Alex: USA is No. 1.)

Israel

Melissa
    $200 22
rings

Trish
    $300 3
NAACP

Trish
    $300 8
The Simpsons

Elizabeth
    $300 28
Trent Lott

Elizabeth
    $300 18
Danube ("Blue Danube Waltz")

Elizabeth
    $300 13
a smokestack

Triple Stumper
    $300 23
things that are pitched

Trish
    $400 4
Garry Kasparov

Triple Stumper
    $400 9
(Trish: What is Buffy the Vampire Slayer?)

Angel

Trish
Triple Stumper
    $400 29
Richard Gephardt

Triple Stumper
    $400 19
Ganges

Melissa
    $400 14
T (for the word the)

Melissa
    $400 24
things that sink ships

Trish
    $500 5
Angola

Triple Stumper
    $500 10
Boy Meets World

Melissa
    $500 30
Gray Davis

Trish
    $500 20
Lake Okeechobee

Melissa
    $500 15
silicon

Triple Stumper
    $500 25
things that are squeezed

Elizabeth

Scores at the first commercial break (after clue 14):

Elizabeth Trish Melissa
$400 $300 $1,300

Scores at the end of the Jeopardy! Round:

Elizabeth Trish Melissa
$1,700 $1,800 $2,600

Double Jeopardy! Round responses

THE U.N.
HIGH SCHOOLS
HIT TUNES
STATE LICENSE PLATES
WEIGHTS & MEASURES
"CHAR"MED WORDS & PHRASES
    $200 26
General Assembly

Triple Stumper
    $200 6
basketball

Elizabeth
    $200 21
The Spice Girls

Trish
    $200 16
Colorado

Triple Stumper
    $200 11
a gallon

Melissa
    $200 1
charcoal

Trish
    $400 27
(Trish: What is the preface?)

the preamble

TrishMelissa
    $400 7
South Africa

Melissa
    $400 22
Paula Cole

Trish
    $400 17
Maine

Trish
    $400 12
absolute zero

Melissa
    $400 2
charity

Melissa
    $600 28
(Elizabeth: What is the Red Cross?)

the WHO (World Health Organization)

Elizabeth
Triple Stumper
    $600 8
Sandra Day O'Connor

Elizabeth
    $600 23
R. Kelly

Trish
    $600 18
Wyoming

Triple Stumper
    $500 13
an acre

Melissa
    $600 3
charley horse

Trish
    $800 29
olive leaves (or olive branches)

Melissa
    $800 9
JFK

Elizabeth
    $800 24
Madonna

Trish
    $800 19
Washington

Trish
    $800 14
(Trish: What is a kilometer?)
(Melissa: What is 5 kilometers?)

10 kilometers

TrishMelissa
Triple Stumper
    $800 4
(Elizabeth: What is Charleston?)

Charlotte

ElizabethMelissa
    $100 30
(Melissa: What is San Marino?)
[ERRATUM: The Republic of Moldova was admitted to the UN in 1992, and was a UN member at the time of this clue.]

Switzerland

Melissa
    $1000 10
a military school

Melissa
    $1000 25
Green Day

Elizabeth
    $1000 20
Louisiana

Triple Stumper
    $1000 15
Roentgen

Melissa
    $1000 5
Chartreuse

Trish

Scores at the end of the Double Jeopardy! Round:

Elizabeth Trish Melissa
$2,900 $5,600 $7,600

[wagering suggestions for these scores]

Final Jeopardy! Round responses

AUTHORS
(Alex: Melissa, let's get your parents here on stage; back to our regular games on Monday!)
ElizabethWho is Salinger?
$1,900
TrishWho is Steinbeck?
$1,000
MelissaWho is Steinbeck?
$6,001
John Steinbeck

Final scores:

Elizabeth Trish Melissa
$1,000 $6,600 $13,601

Cumulative scores:

Elizabeth Trish Melissa
$8,000 $17,600 $22,201
2nd runner-up: $10,000 1st runner-up: $17,600 Tournament champion: $25,000

Game dynamics:

Coryat scores:

Elizabeth Trish Melissa
$2,900 $5,600 $7,800
10 R,
2 W
17 R,
3 W
20 R
(including 2 DDs),
2 W
(including 1 DD)

Combined Coryat: $16,300

[game clues] [game scores] [suggest correction]

Game tape date: Unknown
The J! Archive is created by fans, for fans. Scraping, republication, monetization, and malicious use prohibited; this site may use cookies and collect identifying information. See terms. The Jeopardy! game show and all elements thereof, including but not limited to copyright and trademark thereto, are the property of Jeopardy Productions, Inc. and are protected under law. This website is not affiliated with, sponsored by, or operated by Jeopardy Productions, Inc. Join the discussion at JBoard.tv.